Cyclisme : Cyclistes Espagnols en WT et ProTeam saison 2023 - Statistiques

Statistiques générales
  • Ce quiz a été pris 25 fois
  • Le résultat moyen est 44 sur 118
Statistiques - réponses
Hint Réponse % Correct
Cofidis Jesús HERRADA
100%
Cofidis José HERRADA
100%
Movistar Team Enric MAS
96%
Movistar Team Lluís MAS
96%
Bahrain - Victorious Mikel LANDA
96%
INEOS Grenadiers Carlos RODRÍGUEZ
91%
Team Arkéa Samsic Cristián RODRÍGUEZ
91%
Movistar Team Gorka IZAGIRRE
91%
Cofidis Ion IZAGIRRE
91%
Movistar Team Óscar RODRÍGUEZ
91%
INEOS Grenadiers Jonathan CASTROVIEJO
87%
Astana Qazaqstan Team Luis León SÁNCHEZ
83%
Burgos-BH Pelayo SÁNCHEZ
83%
Bahrain - Victorious Pello BILBAO
83%
Equipo Kern Pharma Eugenio SÁNCHEZ
78%
UAE Team Emirates Juan AYUSO
78%
UAE Team Emirates Marc SOLER
78%
Euskaltel - Euskadi Andoni LÓPEZ DE ABETXUKO
74%
Equipo Kern Pharma Jordi LÓPEZ
74%
Caja Rural - Seguros RGA Joseba LÓPEZ
74%
Lidl - Trek Juan Pedro LÓPEZ
74%
Equipo Kern Pharma Carlos GARCÍA PIERNA
70%
Movistar Team José Joaquín ROJAS
70%
Equipo Kern Pharma Raúl GARCÍA PIERNA
70%
Movistar Team Carlos VERONA
65%
Movistar Team Alex ARANBURU
61%
Astana Qazaqstan Team David DE LA CRUZ
61%
Movistar Team Oier LAZKANO
61%
INEOS Grenadiers Omar FRAILE
61%
Movistar Team Iván GARCÍA CORTINA
57%
TotalEnergies Víctor DE LA PARTE
57%
Movistar Team Gonzalo SERRANO
52%
EOLO-Kometa Javier SERRANO
52%
Lidl - Trek Jon ABERASTURI
52%
Movistar Team Sergio SAMITIER
52%
EOLO-Kometa Alex MARTÍN
48%
EOLO-Kometa David MARTIN
48%
Euskaltel - Euskadi Gotzon MARTÍN
48%
Movistar Team Imanol ERVITI
48%
Cofidis Jonathan LASTRA
48%
Burgos-BH Miguel Ángel FERNÁNDEZ
48%
Cofidis Rubén FERNÁNDEZ
48%
Caja Rural - Seguros RGA Sergio Roman MARTÍN
48%
Burgos-BH Sinuhé FERNANDEZ
48%
Movistar Team Albert TORRES
43%
Euskaltel - Euskadi Carlos CANAL
39%
Movistar Team Jorge ARCAS
39%
Euskaltel - Euskadi Luis Ángel MATÉ
39%
Lidl - Trek Marc BRUSTENGA
39%
Equipo Kern Pharma Roger ADRIÀ
39%
Movistar Team Antonio PEDRERO
35%
Euskaltel - Euskadi Enekoitz AZPARREN
35%
Astana Qazaqstan Team Javier ROMO
35%
Equipo Kern Pharma José Félix PARRA
35%
Euskaltel - Euskadi Mikel BIZKARRA
35%
Equipo Kern Pharma Pablo CASTRILLO
35%
Equipo Kern Pharma Pau MIQUEL
35%
Euskaltel - Euskadi Xabier Mikel AZPARREN
35%
Caja Rural - Seguros RGA Fernando BARCELÓ
30%
Movistar Team Iván ROMEO
30%
Burgos-BH José Manuel DÍAZ
30%
Caja Rural - Seguros RGA Abel BALDERSTONE
26%
Burgos-BH Daniel NAVARRO
26%
Caja Rural - Seguros RGA David GONZÁLEZ
26%
Burgos-BH Jesús EZQUERRA
26%
Burgos-BH Alejandro FRANCO
22%
EOLO-Kometa Diego Pablo SEVILLA
22%
Euskaltel - Euskadi Joan BOU
22%
Euskaltel - Euskadi Txomin JUARISTI
22%
Equipo Kern Pharma Urko BERRADE
22%
Burgos-BH Ángel MADRAZO
17%
Caja Rural - Seguros RGA Eduard PRADES
17%
EOLO-Kometa Fernando TERCERO
17%
Equipo Kern Pharma Igor ARRIETA
17%
Green Project-Bardiani CSF-Faizanè Iker BONILLO
17%
Equipo Kern Pharma Iñigo ELOSEGUI
17%
Caja Rural - Seguros RGA Jon BARRENETXEA
17%
Burgos-BH Mario APARICIO
17%
Euskaltel - Euskadi Mikel ITURRIA
17%
Equipo Kern Pharma Mikel RETEGI
17%
Burgos-BH Rodrigo ÁLVAREZ
17%
Burgos-BH Sebastián MORA
17%
Burgos-BH Ander OKAMIKA
13%
Burgos-BH Ángel FUENTES
13%
Burgos-BH Antonio ANGULO
13%
Euskaltel - Euskadi Antonio Jesús SOTO
13%
Caja Rural - Seguros RGA Gorka SORARRAIN
13%
Equipo Kern Pharma Jon AGIRRE
13%
Burgos-BH Manuel PEÑALVER
13%
Q36.5 Pro Cycling Team Marcel CAMPRUBI
13%
Euskaltel - Euskadi Peio GOIKOETXEA
13%
Euskaltel - Euskadi Unai IRIBAR
13%
Euskaltel - Euskadi Xabier BERASATEGI
13%
Euskaltel - Euskadi Asier ETXEBERRIA
9%
Burgos-BH David DELGADO
9%
Team Novo Nordisk David LOZANO
9%
Burgos-BH Felipe ORTS
9%
Equipo Kern Pharma Hugo AZNAR
9%
Euskaltel - Euskadi Ibai AZURMENDI
9%
Equipo Kern Pharma Ibon RUIZ
9%
Equipo Kern Pharma Iván COBO
9%
Caja Rural - Seguros RGA Josu ETXEBERRIA
9%
Burgos-BH Óscar PELEGRÍ
9%
Equipo Kern Pharma Francisco GALVÁN
4%
EOLO-Kometa Francisco MUÑOZ
4%
Equipo Kern Pharma Héctor CARRETERO
4%
Caja Rural - Seguros RGA Jaume GUARDEÑO
4%
Caja Rural - Seguros RGA Javier IBAÑEZ
4%
Caja Rural - Seguros RGA Joel NICOLAU
4%
Caja Rural - Seguros RGA Jokin MURGUIALDAY
4%
Euskaltel - Euskadi Juan José LOBATO
4%
Caja Rural - Seguros RGA Julen AMEZQUETA
4%
Euskaltel - Euskadi Unai CUADRADO
4%
Euskaltel - Euskadi Xabier ISASA
4%
Equipo Kern Pharma Álex JAIME
0%
Euskaltel - Euskadi Iker BALLARIN
0%
Equipo Kern Pharma Martí MÁRQUEZ
0%
Equipo Kern Pharma Pablo CARRASCOSA
0%
Aucun quiz correspondant
Distribution des résultats
% des personnes avec chaque résultat
Percentile par nombre de réponses
Votre historique - résultats
Vous n’avez pas pris ce quiz